Fundamento teórico de las limitaciones impuestas al derecho de propiedad en razón de interés público
Guardado en:
| Autor principal: | |
|---|---|
| Formato: | Libro |
| Lenguaje: | español |
| Publicado: |
Santiago
Jurídica de Chile
1968
Santiago Universidad de Chile 1968 |
| Colección: | Seminario de Derecho Público, 30
|
| Materias: | |
| Etiquetas: |
Agregar Etiqueta
Sin Etiquetas, Sea el primero en etiquetar este registro!
|
MARC
| LEADER | 00000nam a2200000 a 4500 | ||
|---|---|---|---|
| 001 | UCS0437 | ||
| 003 | CL-VaPUC | ||
| 008 | 970426e19680000CL |||||||||||||||||spa|d | ||
| 082 | 0 | 4 | |a 346.043 |b PRE |2 21 |
| 100 | |a Precht Pizarro, Jorge Enrique |e autor |9 595763 | ||
| 245 | 1 | 0 | |a Fundamento teórico de las limitaciones impuestas al derecho de propiedad en razón de interés público |
| 300 | |a 170 p | ||
| 942 | |c BK | ||
| 945 | |d 19970426 00:00:00 |a cmena | ||
| 260 | |a Santiago |b Jurídica de Chile |c 1968 | ||
| 260 | |a Santiago |b Universidad de Chile |c 1968 | ||
| 650 | 0 | |a Propiedad privada |9 257919 | |
| 650 | 0 | |a Derecho privado |9 258243 | |
| 650 | 0 | |a Derecho administrativo |9 254851 | |
| 650 | 0 | |a Administración pública |9 255343 | |
| 650 | 0 | |a Bien común |9 346393 | |
| 650 | 7 | |a EXPROPIACION |2 CL-VaPUC |9 360440 | |
| 650 | 0 | |a Contrato social |9 308917 | |
| 651 | 7 | |a CHILE |2 CL-VaPUC |9 383935 | |
| 583 | |a last modification |c 20130318 07:46:37 |k Rodrigo Vera | ||
| 490 | 0 | |a Seminario de Derecho Público, 30 | |
| 999 | |c 258665 |d 258663 | ||
| 952 | |0 0 |1 0 |4 0 |6 346_043000000000000_PRE_1968_1968 |7 0 |8 A |9 282925 |a BIBDER |b BIBDER |d 2019-11-19 |i 1837419 |o 346.043 PRE 1968 1968 |p 1837419 |r 2023-01-25 |w 2019-11-19 |y BK |k DER | ||